000 00571nam a22002057a 4500
005 20170124105938.0
010 _a491676
020 _c00.00
_a710029616
035 _a491676
037 _bCen Lib/Ret
040 _aDPL
_bEN
082 _a301.03
_2DIC
245 _aDictionary of sociology /
_cedited by G. Duncan Mitchell
260 _aLondon
_bRoutledge& kegan paul
_c1968
270 _bLondon
300 _a224p.
_c20cm(Hb)
650 _aSociology
_vdictionary
_910491
700 _aMitchell, G. Duncan
_910471
942 _2ddc
_cEN
_h301.03
_mDIC
999 _c124356
_d124356